| 000 | 00474 a2200169 4500 | ||
|---|---|---|---|
| 999 |
_c29856 _d29856 |
||
| 003 | NUST | ||
| 005 | 20180118122639.0 | ||
| 008 | 180118b xxu||||| |||| 00| 0 eng d | ||
| 020 | _a9812566104 | ||
| 020 | _a9789812566102 | ||
| 082 | _a530 | ||
| 100 |
_aBrown, Gerald E. _98715 |
||
| 245 | 1 | 0 |
_aHans bethe and his physics / _cGerald E. Brown, Chang-Hwan Lee. |
| 260 |
_a[S.l.] : _bWorld Scientific Publishing Company, _c2006. |
||
| 300 |
_a328 p. ; _c26 cm. |
||
| 700 | 1 |
_aBrown, Gerald E. _98715 |
|
| 700 | 1 |
_aLee, Chang-Hwan. _98716 |
|
| 942 |
_aSNS _cBK _k530 BRO _2ddc |
||